<?xml version="1.0" encoding="UTF-8"?><?xml-stylesheet type="text/xsl" href="static/style.xsl"?><OAI-PMH xmlns="http://www.openarchives.org/OAI/2.0/" xmlns:xsi="http://www.w3.org/2001/XMLSchema-instance" xsi:schemaLocation="http://www.openarchives.org/OAI/2.0/ http://www.openarchives.org/OAI/2.0/OAI-PMH.xsd"><responseDate>2026-04-17T17:38:49Z</responseDate><request verb="GetRecord" identifier="oai:riubu.ubu.es:10259/7135" metadataPrefix="marc">https://riubu.ubu.es/oai/request</request><GetRecord><record><header><identifier>oai:riubu.ubu.es:10259/7135</identifier><datestamp>2022-12-20T12:16:01Z</datestamp><setSpec>com_10259_7184</setSpec><setSpec>com_10259_7183</setSpec><setSpec>com_10259.4_106</setSpec><setSpec>com_10259_2604</setSpec><setSpec>col_10259_7201</setSpec></header><metadata><record xmlns="http://www.loc.gov/MARC21/slim" xmlns:doc="http://www.lyncode.com/xoai" xmlns:xsi="http://www.w3.org/2001/XMLSchema-instance" xmlns:dcterms="http://purl.org/dc/terms/" xsi:schemaLocation="http://www.loc.gov/MARC21/slim http://www.loc.gov/standards/marcxml/schema/MARC21slim.xsd">
<leader>00925njm 22002777a 4500</leader>
<datafield tag="042" ind1=" " ind2=" ">
<subfield code="a">dc</subfield>
</datafield>
<datafield tag="720" ind1=" " ind2=" ">
<subfield code="a">Berbegal Vázquez, Alfredo</subfield>
<subfield code="e">author</subfield>
</datafield>
<datafield tag="720" ind1=" " ind2=" ">
<subfield code="a">Merino Orozco, Abel</subfield>
<subfield code="e">author</subfield>
</datafield>
<datafield tag="720" ind1=" " ind2=" ">
<subfield code="a">Arraiz Pérez, Ana</subfield>
<subfield code="e">author</subfield>
</datafield>
<datafield tag="720" ind1=" " ind2=" ">
<subfield code="a">Sabirón Sierra, Fernando</subfield>
<subfield code="e">author</subfield>
</datafield>
<datafield tag="260" ind1=" " ind2=" ">
<subfield code="c">2022</subfield>
</datafield>
<datafield tag="520" ind1=" " ind2=" ">
<subfield code="a">El cuidado se ha instalado en educación desde tres ejes claves de desarrollo estrechamente&#xd;
interconectados: 1) la naturaleza relacional del conocimiento educativo y sus implicaciones para las acciones&#xd;
educativas interpersonales, profesionales e institucionales; 2) la relación educativa como práctica&#xd;
esencialmente ética y que posibilita el desarrollo moral en los educandos y las comunidades educativas; y 3) la&#xd;
formación de los profesionales de la educación y su construcción de la identidad profesional. De este modo,&#xd;
desde la investigación educativa el cuidado ha presentado un especial impacto en ámbitos como la familia, el&#xd;
currículum escolar o la educación en valores, enriqueciendo el debate educativo, científico y profesional sobre&#xd;
temas como civismo y ciudadanía, equidad y género, sostenibilidad y medio ambiente, y profesionalidad y&#xd;
competencia.&#xd;
El trabajo se fundamenta en una revisión de los discursos y prácticas sobre el cuidado en el ámbito educativo&#xd;
con el objetivo de reconsiderar los referentes principales y, en especial, una de las intervenciones educativas&#xd;
en las que se presume un alto potencial de impacto: la acción tutorial. Atendiendo a la naturaleza transdisciplinar&#xd;
del fenómeno del cuidado, se identifican los modelos teóricos más trabajados y consolidados en el campo&#xd;
sociosanitario para explorar la transferencia teórica al campo socioeducativo y vertebrar con criterio los estudios&#xd;
y trabajos principales en educación. Se ilustra cómo el cuidado se presenta como un analizador de la cultura&#xd;
profesional en el campo de la orientación educativa y la tutoría y como un catalizador de sinergias que resignifica&#xd;
perspectivas y programáticas educativas.&#xd;
Los resultados identifican resonancias y convergencias del cuidado educativo con ciertos modelos teóricos de&#xd;
orientación y tutoría y definen líneas de trabajo para profundizar en los sentidos y significados de la acción&#xd;
tutorial de los profesionales de la educación. También atraviesa los criterios de excelencia profesional desde&#xd;
las implicaciones de una educación en y para el cuidado, señalando las oportunidades para una reconstrucción&#xd;
de la praxis profesional de los tutores en sus comunidades educativas de referencia. La sensibilización que&#xd;
supone el fenómeno del cuidado se atisba como una alternativa para interrogar el pensamiento y la acción&#xd;
educativos en nuestras sociedades contemporáneas.</subfield>
</datafield>
<datafield tag="024" ind2=" " ind1="8">
<subfield code="a">978-989-8272-43-0</subfield>
</datafield>
<datafield tag="024" ind2=" " ind1="8">
<subfield code="a">http://hdl.handle.net/10259/7135</subfield>
</datafield>
<datafield ind1=" " ind2=" " tag="653">
<subfield code="a">Cuidado</subfield>
</datafield>
<datafield ind1=" " ind2=" " tag="653">
<subfield code="a">Práctica pedagógica</subfield>
</datafield>
<datafield ind1=" " ind2=" " tag="653">
<subfield code="a">Tutoría</subfield>
</datafield>
<datafield tag="245" ind1="0" ind2="0">
<subfield code="a">Reconstruyendo la acción tutorial del maestro en tiempos de incertidumbre: hacia un modelo analítico desde el cuidado</subfield>
</datafield>
</record></metadata></record></GetRecord></OAI-PMH>